000 00856nam a2200229Ia 4500
001 L248-15112
003 IT-CnALBA
008 170116s9999||||xx |||||||||||||| ||und||
040 _aIT-CnALBA
_cIT-CnALBA
041 _aITALIANO
100 _aCOMAZZI POZZINI MARIA
245 0 _aIL SOGNO D'ORO DI MARIO AUGUSTO COMAZZI.
250 _a1a ed.
260 _aCINISELLO BALSAMO (MI)
_bEDIZIONI PAOLINE
_c1944 [1° Ed.:1944 - Ed.Ling.Originale: 1944]
300 _a61 p. (prefazione: 5)
500 _aPREFAZIONE DI MONS. GIUSEPPE SIRI. IDEATORE DEI MISSIONARI DEL MARE.
501 _aSocietà San Paolo EM - Piazza San Paolo, 14 - 12051 ALBA (CN) (non commercial uses only) ® Copyright 2017
520 _aPREFAZIONE DI MONS. GIUSEPPE SIRI. IDEATORE DEI MISSIONARI DEL MARE.
650 _aASCETICA E MISTICA
942 _cBK
957 _71
999 _a19862
_bSI
_g Copie: 1
_c274281
_d274281